000
00264nam a2200109Ia 4500
008
190911s9999||||xx |||||||||||||| ||und||
100
_a
Federal Public Service
245
0
_a
Annual Report 1998
260
_a
Islamabad
_b
Royal Book
_c
1998
300
_a
115
942
_c
BK
999
_c
6925
_d
6925